Every Song by Jane's Addiction - Statistics

General Stats
  • This quiz has been taken 15 times
  • The average score is 18 of 53
Answer Stats
Album Song % Correct
Nothing's Shocking(1988) Jane Says
100%
Ritual de lo Habitual(1990) Been Caught Stealing
93%
Nothing's Shocking(1988) Mountain Song
86%
Ritual de lo Habitual(1990) Stop!
86%
Nothing's Shocking(1988) Ted, Just Admit It...
86%
Ritual de lo Habitual(1990) Three Days
86%
Kettle Whistle(1997) Kettle Whistle
71%
Ritual de lo Habitual(1990) Classic Girl
64%
Nothing's Shocking(1988) Standing in the Shower... Thinking
64%
Ritual de lo Habitual(1990) Ain't No Right
57%
Nothing's Shocking(1988) Had a Dad
57%
Ritual de lo Habitual(1990) No One's Leaving
57%
Ritual de lo Habitual(1990) Obvious
57%
Nothing's Shocking(1988) Ocean Size
57%
Nothing's Shocking(1988) Pigs in Zen
57%
Nothing's Shocking(1988) Summertime Rolls
57%
Jane's Addiction(1987) Whores
57%
Nothing's Shocking(1988) Idiots Rule
50%
Strays(2003) Just Because
50%
Ritual de lo Habitual(1990) Of Course
50%
Strays(2003) Strays
50%
Jane's Addiction(1987) 1%
43%
Nothing's Shocking(1988) Up the Beach
43%
Jane's Addiction(1987) I Would for You
36%
Nothing's Shocking(1988) Thank You Boys
36%
Ritual de lo Habitual(1990) Then She Did ...
36%
Jane's Addiction(1987) Chip Away
29%
Jane's Addiction(1987) Trip Away
29%
Kettle Whistle(1997) City
21%
Strays(2003) Superhero
21%
Kettle Whistle(1997) My Cat's Name Is Maceo
14%
Jane's Addiction(1987) My Time
14%
Kettle Whistle(1997) So What!
14%
The Great Escape Artist(2011) Broken People
7%
Strays(2003) Everybody's Friend
7%
The Great Escape Artist(2011) I'll Hit You Back
7%
The Great Escape Artist(2011) Irresistible Force (Met the Immovable Object)
7%
The Great Escape Artist(2011) Underground
7%
The Great Escape Artist(2011) Words Right Out of My Mouth
7%
Non-Album(2013) Another Soulmate
0%
The Great Escape Artist(2011) Curiosity Kills
0%
The Great Escape Artist(2011) End to the Lies
0%
Strays(2003) Hypersonic
0%
Strays(2003) Price I Pay
0%
Kettle Whistle(1997) Slow Divers
0%
The Great Escape Artist(2011) Splash a Little Water on It
0%
Strays(2003) Suffer Some
0%
Strays(2003) The Riches
0%
Strays(2003) To Match the Sun
0%
Strays(2003) True Nature
0%
The Great Escape Artist(2011) Twisted Tales
0%
The Great Escape Artist(2011) Ultimate Reason
0%
Strays(2003) Wrong Girl
0%
No matching quizzes found
Score Distribution
Percent of People with Each Score
Percentile by Number Answered
Your Score History
You have not taken this quiz